Bienvenue à la Médiathèque de Saint-Andiol
banniere
Accueil Recherche avancée Mon compte
handi1 Rechercher dans le catalogue

Filtre   Mots-clés
  Recherche avancée
 
Lister les dernières nouveautés
 
Lister les livres GROS CARACTERES
 
Lister les périodiques (magazines)

handi1 Sentiers d'Emilie dans les Bouches du Rhône (Les)

25 promenades pour tous

Book Cover
Auteur principal : José Laplane
Autres auteurs : Michèle Laplane
Titre : Sentiers d'Emilie dans les Bouches du Rhône (Les)
Support : Livres
Langue : Francais
Publié : 2008 Rando éditions Ibos (Hautes-Pyrénées)
Genre : Documentaire
Collection : Les Sentiers d'Emilie
Sujets :
Étiquettes :
Pas de tags
LEADER 01656nam0a2200253 450
001 16838763
010 |a 978-2-84182-363-5  |b Br.  |d 7,95 € 
100 |a 20151231d2008 u u0frey01 ba 
101 0 |a fre 
102 |a FR 
200 0 |a Sentiers d'Emilie dans les Bouches du Rhône (Les)  |e 25 promenades pour tous  |f José Laplane, Michèle Laplane  |g 25 promenades pour tous 
207 1 |a   
210 |a Ibos (Hautes-Pyrénées)  |c Rando éditions  |d 2008 
215 |a 1 vol. (64 p.)  |c ill. ; cartes  |d 12x19 cm 
225 1 |a Les Sentiers d'Emilie 
330 |a Des portes de Marseille à la montagne Sainte-Victoire, des calanques à la Camargue et des Alpilles à l'archipel du Frioul, ce guide propose 25 itinéraires de promenades à pied, réalisables par tous, enfants, parents, grands-parents. Tous inscrits dans un environnement de qualité, ces parcours d'une durée allant d'une heure à deux heures trente font l'objet de descriptifs précis accompagnés de cartes limpides. Les sentiers d'Emilie permettent ainsi d'aller à la découverte des patrimoines naturels et bâti, le pas léger, l'oeil averti, dans la quiétude et l'émerveillement. Les chemins et sentiers de ce guide dessinent autant d'invitations à de se fondre dans la beauté des paysages les plus étonnants des Bouches-du-Rhône. 
608 |a Guide  |x Randonnée pédestre  |y Environs 
608 |a Guide  |x Sentiers de petite randonnée  |y Environs 
676 |a 914.491 
700 0 |a Laplane  |b José  |4 70 
701 0 |a Laplane  |b Michèle  |4 70 
900 |a Documentaire 
901 |a Adultes 
995 |a Médiathèque  |c Médiathèque  |f 089014510  |h 089014510  |k 914.491 LAP P  |o p  |q a  |r az  |e Médiathèque